000 01442cac a2200397 i 4500
003 EG-GICUC
005 20260121101648.0
008 931217s1994 enk frb 001 0 eng d
020 _a0198258380 (acidfree paper) :
_c£35.00
020 _a0198258399 (pbk. : acidfree paper) :
_c£12.95
020 _a9780198258384
020 _a9780198258391
040 _aDLC
_cDLC
_dDLC
_dEG-GICUC
_beng
_erda
043 _ae-gx---
050 0 0 _aPN5124.C74
_bS35 1994
082 0 0 _a343.425
_221
092 0 4 _221
099 _aLaw 10 1994
100 1 _aSchlesinger, Philip,
_d1948-
245 1 0 _aReporting crime :
_bthe media politics of criminal justice /
_cPhilip Schlesinger and Howard Tumber.
264 _aOxford :
_bClarendon Press ;
_aNew York :
_bOxford University Press,
_c1994.
300 _aviii, 287 page ;
_c23 cm.
336 _atext
_btxt
_2rdacontent
337 _aComputer
_bn
_2rdamedia
338 _aOnline Resource
_bnc
_2rdacarrier
440 0 _aClarendon studies in criminology
504 _aIncludes bibliographical references and index.
650 0 _aCrime and the press
_zGreat Britain
_xHistory
650 0 _aCrime in mass media.
650 0 _aMass media
_xSocial aspects.
700 1 _aTumber, Howard.
856 4 2 _3Publisher description
_uhttp://www.loc.gov/catdir/enhancements/fy0638/93049445-d.html
856 4 2 _uhttps://fll.law.cu.edu.eg/fulltext/bks/ENGB10-00153.pdf
905 _a10
942 _2ddc
_cBK
_e21
_n0
999 _c54582
_d54582